Aprendre a observar : la vida quotidiana, els mites, la mort, l'home primitiu / Joan Alberich ... [et al.] ; dibuixos, Mª Antònia Grau la vida quotidiana, els mites, la mort, l'home primitiu / Joan Alberich ... [et al.] ; dibuixos, Mª Antònia Grau
Descripción Física:
Carpeta amb 26 opuscles : il. ; 30 cm
MARC
| LEADER | 00000nam a2200000Ia 4500 | ||
|---|---|---|---|
| 001 | 1891 | ||
| 008 | 160829s1986 xx 000 0 cat d | ||
| 080 | |a H-1-245 | ||
| 245 | |a Aprendre a observar : |b la vida quotidiana, els mites, la mort, l'home primitiu / Joan Alberich ... [et al.] ; dibuixos, Mª Antònia Grau | ||
| 260 | |a Barcelona : |b Diputació de Barcelona, Servei de Cultura, |c 1986 | ||
| 300 | |a Carpeta amb 26 opuscles : |b il. ; |c 30 cm | ||
| 610 | 2 | 0 | |a Museu Arqueològic de Barcelona |9 54643 |
| 650 | |a Material didàctic |9 22831 | ||
| 700 | |a Alberich i Mariné, Joan |9 30627 | ||
| 700 | 1 | |a Grau, M. Antònia |9 30628 | |
| 710 | 1 | |a Barcelona (Catalunya : Província). |b Servei de Cultura |9 54401 | |
| 901 | |a Arxiu | ||
| 942 | |n 1 | ||
| 952 | |0 0 |1 0 |4 0 |6 H1245 |7 1 |9 45465 |a Arxiu |b Arxiu |d 2016-12-01 |l 0 |o H-1-245 |p 1891 |r 2016-12-01 00:00:00 |w 2016-12-01 |y ARXIU | ||
| 999 | |c 48630 |d 48630 | ||